Osmanlı'dan günümüze tapu. (Record no. 64133)
[ view plain ]
| 000 -LEADER | |
|---|---|
| fixed length control field | 00707nam a22002177a 4500 |
| 003 - CONTROL NUMBER IDENTIFIER | |
| control field | SEM |
| 005 - DATE AND TIME OF LATEST TRANSACTION | |
| control field | 20220608073115.0 |
| 008 - FIXED-LENGTH DATA ELEMENTS--GENERAL INFORMATION | |
| fixed length control field | 160129b xxu||||| |||| 00| 0 eng d |
| 020 ## - INTERNATIONAL STANDARD BOOK NUMBER | |
| International Standard Book Number | 9786051462622 |
| 040 ## - CATALOGING SOURCE | |
| Original cataloging agency | |
| Transcribing agency | |
| 041 ## - LANGUAGE CODE | |
| Language code of text/sound track or separate title | tr. |
| 100 ## - MAIN ENTRY--PERSONAL NAME | |
| Personal name | Elbeyoğlu Ali |
| Titles and words associated with a name | avukat |
| Fuller form of name | (Elbeyoglu Ali) |
| 245 ## - TITLE STATEMENT | |
| Title | Osmanlı'dan günümüze tapu. |
| Remainder of title | Emval-i Metruke / |
| Statement of responsibility, etc. | A. Elbeyoğlu; |
| 250 ## - EDITION STATEMENT | |
| Edition statement | Birici baskı |
| 260 ## - PUBLICATION, DISTRIBUTION, ETC. | |
| Place of publication, distribution, etc. | Ankara: |
| Name of publisher, distributor, etc. | Adalet yayınevi, |
| Date of publication, distribution, etc. | 2014. |
| 300 ## - PHYSICAL DESCRIPTION | |
| Extent | xi+169 p.; |
| Other physical details | ill., |
| Dimensions | 23,5 cm. |
| 440 ## - SERIES STATEMENT/ADDED ENTRY--TITLE | |
| Title | Hukuk yayınlari dizisi - |
| Number of part/section of a work | 1300. |
| 650 ## - SUBJECT ADDED ENTRY--TOPICAL TERM | |
| Topical term or geographic name entry element | Hukuk |
| Geographic subdivision | Osmanlı İmparatorluğu |
| -- | Türkiye |
| 650 ## - SUBJECT ADDED ENTRY--TOPICAL TERM | |
| Topical term or geographic name entry element | Mülkiyet hakkı |
| Geographic subdivision | Osmanlı İmparatorluğu |
| -- | Türkiye |
| 942 ## - ADDED ENTRY ELEMENTS (KOHA) | |
| Source of classification or shelving scheme | Universal Decimal Classification |
| Koha item type | Գրքեր/Books |
| Withdrawn status | Lost status | Source of classification or shelving scheme | Damaged status | Not for loan | Collection code | Home library | Current library | Date acquired | Inventory number | Total Checkouts | Full call number | Barcode | Date last seen | Price effective from | Koha item type | Public note |
|---|---|---|---|---|---|---|---|---|---|---|---|---|---|---|---|---|
| Universal Decimal Classification | Գրապահոց | Մայր Աթոռ Սուրբ Էջմիածին «Վաչե և Թամար Մանուկյան» Մատենադարան | Մայր Աթոռ Սուրբ Էջմիածին «Վաչե և Թամար Մանուկյան» Մատենադարան | 29/01/2016 | Turk-83 | 347.218.31(56.0)/E-43 | Turk-83 | 29/01/2016 | 29/01/2016 | Գրքեր/Books | սպասարկվում է ընթերցասրահ |